A manual on methods for the assessment of a secondary productivity in fresh waters

Furkejuvvon:
Bibliográfalaš dieđut
Váldodahkkit: Winberg, G. G (Dahkki), Edmondson, W. T (Dahkki)
Materiálatiipa: Girji
Giella:eaŋgalasgiella
Almmustuhtton: Oxford Blackwell Scientific Publications 1971
Ráidu:IBP Handbook, 17
Fáttát:
Fáddágilkorat: Lasit fáddágilkoriid
Eai fáddágilkorat, Lasit vuosttaš fáddágilkora!

MARC

LEADER 00000nam a2200000 a 4500
001 UCV5183
003 CL-VaPUC
008 920825e19710000UK |||||||||||||||||eng|d
082 0 4 |a 577.6  |b WIN  |2 21 
100 0 |a Winberg, G. G  |e author  |9 299480 
700 0 |a Edmondson, W. T  |e author  |9 299481 
245 1 2 |a A manual on methods for the assessment of a secondary productivity in fresh waters 
300 |a 358 p 
942 |c BK 
945 |d 19920825 00:00:00 
260 |a Oxford  |b Blackwell Scientific Publications  |c 1971 
650 7 |a BIOLOGIA DE AGUA DULCE  |2 CL-VaPUC  |9 261577 
650 0 |a Zooplancton  |9 261816 
583 |a last modification  |c 19920825 00:00:00  |k Rodrigo Vera 
490 0 |a IBP Handbook, 17 
999 |c 211771  |d 211769 
952 |0 0  |1 0  |2 ddc  |4 0  |6 577_600000000000000_WIN_1971  |7 0  |8 CCM  |9 191672  |a BIBCUR  |b BIBCUR  |c PAC  |d 2019-11-14  |i 2592053  |o 577.6 WIN 1971  |p 2592053  |r 2025-04-22  |w 2019-11-14  |y BK  |k CIM